|
|
|
|
| LEADER |
00000naa2a2200000 4500 |
| 001 |
428406 |
| 005 |
20231101074828.0 |
| 035 |
|
|
|a (RuTPU)RU\TPU\prd\87945
|
| 035 |
|
|
|a RU\TPU\prd\17425
|
| 090 |
|
|
|a 428406
|
| 100 |
|
|
|a 20101012a2003 k y0rusy50 ca
|
| 101 |
0 |
|
|a rus
|
| 102 |
|
|
|a RU
|
| 200 |
1 |
|
|a Оценка надежности контроля сварных соединений паропроводов тепловых электростанций
|f Ю. М. Гофман
|
| 225 |
1 |
|
|a Общие вопросы дефектоскопии
|
| 320 |
|
|
|a Библиогр.: 7 назв.
|
| 461 |
|
1 |
|0 (RuTPU)RU\TPU\prd\151
|t Дефектоскопия
|d 1965-
|
| 463 |
|
1 |
|0 (RuTPU)RU\TPU\prd\87936
|t № 3
|v С. 70-72
|d 2003
|
| 610 |
1 |
|
|a сварные соединения
|
| 610 |
1 |
|
|a тепловые электростанции
|
| 610 |
1 |
|
|a паропроводы
|
| 610 |
1 |
|
|a ультразвуковой контроль
|
| 610 |
1 |
|
|a эксплуатация
|
| 675 |
|
|
|a 620.179
|v 3
|
| 700 |
|
1 |
|a Гофман
|b Ю. М.
|
| 801 |
|
1 |
|a RU
|b 63413507
|c 20030916
|g PSBO
|
| 801 |
|
2 |
|a RU
|b 63413507
|c 20131017
|g RCR
|
| 942 |
|
|
|c BK
|